| 000 | 00000nam##2200000za#4500 |
| 001 | 9.572931 |
| 003 | CaOODSP |
| 005 | 20210624183446 |
| 007 | cr ||||||||||| |
| 008 | 150406|2002||||xxc|||||o f|0| 0 eng|d |
| 040 | |aCaOODSP|beng |
| 043 | |an-cn--- |
| 086 | 1 |aH13-6/2002-3E-PDF |
| 110 | 1 |aCanada. |bHealth Canada. |
| 245 | 10|aPrimary health care / |h[electronic resource]|c[by] Ann L. Mable & John Marriott. |
| 246 | 1 |iAt head of title : |aThe Health Transition Fund |
| 260 | |aOttawa - Ontario : |bHealth Canada |cc2002. |
| 300 | |a62p.|breferences, tables |
| 490 | 1 |aSynthesis series |
| 500 | |a"Sharing the learning, The Health Transition Fund"--p. 1 of 62. The catalogue number (H13-6/2002-3) and ISBN (0-662-66306-3) for the bilingual print edition have been incorrectly copied in this electronic publication. |
| 590 | |a12-08-Supp|b2012-03-16 |
| 690 | 07|aHealth care|2gcpds |
| 720 | 1 |aMable, Ann L. |
| 720 | 1 |aMarriott, John |
| 775 | 08|tLes soins primaires / |w(CaOODSP)9.603177 |
| 776 | 0#|tPrimary health care / |w(CaOODSP)9.536366 |
| 776 | 0#|tLes soins primaires / |w(CaOODSP)9.536367 |
| 830 | #0|aSynthesis series.|w(CaOODSP)9.506811 |
| 856 | 40|ahttp://publications.gc.ca|qPDF|s578 KB|uhttps://publications.gc.ca/collections/Collection/H13-6-2002-3E.pdf |